| 000 | 01121cam a2200325 a 4500 | ||
|---|---|---|---|
| 001 | 1753 | ||
| 003 | FISKH | ||
| 005 | 20230929120245.0 | ||
| 008 | 081203s2010 nyua b 001 0 eng | ||
| 010 | _a 2008052548 | ||
| 020 | _a0531252264 (hardcover) | ||
| 020 | _a0531241076 (pbk.) | ||
| 040 |
_aDLC _cDLC _dDLC _beng |
||
| 043 | _ae-gr--- | ||
| 050 | 0 | 0 |
_aDF77 _b.N47 2010 |
| 082 | 0 | 0 |
_a938 _222 |
| 100 | 1 |
_aNewman, Sandra, _d1965- |
|
| 245 | 1 | 0 |
_aAncient Greece / _cSandra Newman. |
| 260 |
_aNew York : _bScholastic, _c2010. |
||
| 300 |
_a48 pages : _bcolor map ; color illustrations ; _c22 cm. |
||
| 490 | 0 | _aA true book | |
| 505 | 0 | _aV | |
| 520 | _aProvides information about ancient Greece, discussing government, gods, the Olympics, art, science, and other related topics. | ||
| 521 | 8 |
_a850
_bLexile |
|
| 521 | 8 |
_aV
_bRaz-Plus |
|
| 651 | 0 |
_aGreece _xCivilization _yTo 146 B.C. _vJuvenile literature. |
|
| 906 |
_a7 _bcbc _corignew _d1 _eecip _f20 _gy-gencatlg |
||
| 942 |
_2ddc _cBK _n0 |
||
| 999 |
_c1753 _d1753 |
||